Design of Analog CMOS Integrated Circuits (Record no. 610368)
[ view plain ]
| 000 -LEADER | |
|---|---|
| fixed length control field | 00377nam a22001337a 4500 |
| 020 ## - INTERNATIONAL STANDARD BOOK NUMBER | |
| International Standard Book Number | 0070529035 |
| 040 ## - CATALOGING SOURCE | |
| Original cataloging agency | NUST |
| 082 ## - DEWEY DECIMAL CLASSIFICATION NUMBER | |
| Classification number | 621.39732 |
| 100 ## - MAIN ENTRY--PERSONAL NAME | |
| Personal name | Razavi Behzad |
| 9 (RLIN) | 15115 |
| 245 ## - TITLE STATEMENT | |
| Title | Design of Analog CMOS Integrated Circuits |
| 260 ## - PUBLICATION, DISTRIBUTION, ETC. | |
| Place of publication, distribution, etc. | New Dehli: |
| Name of publisher, distributor, etc. | Tata McGraw-Hill Company; |
| Date of publication, distribution, etc. | 2001. |
| 610 ## - SUBJECT ADDED ENTRY--CORPORATE NAME | |
| Corporate name or jurisdiction name as entry element | Design of Analog CMOS Integrated Circuits |
| 9 (RLIN) | 124543 |
| 942 ## - ADDED ENTRY ELEMENTS (KOHA) | |
| Source of classification or shelving scheme | |
| Koha item type | Book |
No items available.
